DC Heroes - Statistics

General Stats
  • This quiz has been taken 16 times
  • The average score is 9 of 20
Answer Stats
Real Name Moniker % Correct
Ray Palmer Atom
100%
Barbara Gordon Batgirl/Oracle
100%
Bruce Wayne Batman
100%
Jefferson Pierce Black Lightning
100%
Ted Kord Blue Beetle
100%
Victor Stone Cyborg
100%
M'gann M'orzz Miss Martian
100%
Billy Batson Shazam
100%
Kal-El Superman
100%
Barry Allen The Flash
100%
Jaime Reyes Blue Beetle
67%
Kara Zor-El Supergirl
67%
Ryan Choi Atom
50%
Stephanie Brown Batgirl/Spoiler
50%
Garfield Logan Beast Boy
50%
Nathaniel Adam Captain Atom
50%
Carter Hall Hawkman
50%
Michael Holt Mr. Terrific
50%
Connor Hawke Green Arrow
33%
Rex Mason Metamorpho
33%
Irwin Schwab Ambush Bug
0%
Bernhard Baker Animal Man
0%
Jackson Hyde Aqualad
0%
Cissie King-Jones Arrowette
0%
Albert Rothstein Atom-Smasher
0%
David Zavimbe Batwing
0%
Kate Kane Batwoman
0%
Michael Carter Booster Gold
0%
Alix Harrower Bulleteer
0%
Karen Beecher Bumblebee
0%
Adam Blake Captain Comet
0%
Rokk Krinn Cosmic Boy
0%
Jack Ryder Creeper
0%
Jill Carlyle Crimson Avenger
0%
Maxine Hunkel Cyclone
0%
Boston Brand Deadman
0%
Dawn Granger Dove
0%
Kent Nelson Dr. Fate
0%
Kimiyo Hoshi Dr. Light
0%
Emily Sung Element Woman
0%
Anita Fite Empress
0%
Miiyahbin Marten Equinox
0%
Beatriz da Costa Fire
0%
Jason Rusch Firestorm
0%
Brion Markov Geo-Force
0%
Cynthia Mordeth Gypsy
0%
Gabrielle Doe Halo
0%
Richard Tyler Hourman
0%
Helena Bertinelli Huntress
0%
Andrew Bennett I, Vampire
0%
Jennifer-Lynn Hayden Jade
0%
Sonia Sato Judomaster
0%
Garth Ranzz Lightning Lad
0%
Ayla Ranzz Lightning Lass
0%
Emily Briggs Looker
0%
Lilith Clay Omen
0%
Rosabelle Mendez Pantha/Subject X-24
0%
Tinya Wazzo Phantom Girl
0%
Patrick O'Brian Plastic Man
0%
Ray Terrill Ray
0%
Imra Ardeen Saturn Girl
0%
Greta Hayes Secret
0%
Tasmia Mallor Shadow Lass
0%
Salu Digby Shrinking Violet
0%
Derek James Sideways
0%
Kiran Singh Solstice
0%
James Corrigan Spectre
0%
Courtney Whitmore Stargirl
0%
Virgil Hawkins Static
0%
Linda Danvers Supergirl
0%
Alec Holland Swamp Thing
0%
Avery Ho The Flash
0%
Anissa Pierce Thunder
0%
Brin Londo Timber Wolf
0%
Jo Nah Ultra Boy
0%
Francisco Ramon Vibe
0%
No matching quizzes found
Score Distribution
Percent of People with Each Score
Percentile by Number Answered
Your Score History
You have not taken this quiz